KOHA-Header-6

Role of Sindh In Creation of Pakistan (Record no. 6884)

000 -LEADER
fixed length control field 00277nam a2200109Ia 4500
100 ## - MAIN ENTRY--AUTHOR NAME
Personal name Muhammad ali Shaikh
245 #0 - TITLE STATEMENT
Title Role of Sindh In Creation of Pakistan
260 ## - PUBLICATION, DISTRIBUTION, ETC. (IMPRINT)
Place of publication Karachi
Name of publisher Royal Book
Year of publication 1998
300 ## - PHYSICAL DESCRIPTION
Number of Pages 216
942 ## - ADDED ENTRY ELEMENTS (KOHA)
Koha item type Books
Holdings
Withdrawn status Lost status Collection code Permanent Location Current Location Shelving location Date acquired Full call number Accession Number Koha item type
    English Literature MAJU MAJU Shelf No.A13 2019-09-11 954.905 385 English Literature

Powered by Koha